000
00225 a2200097 4500
001
41758
100
_a
Hamilton A
245
_a
American State Papers:
260
_a
London
_b
Encyclopedia Britannica
_c
090
_c
25870
_d
25870
942
_a
NUST-CAE
_c
M
_c
17636
999
_c
276831
_d
276831